000
00212 a2200097 4500
020
_a
9789992230374
041
_a
spa
100
_a
Calderon rodriguez magdalena maria
245
_a
Estudios sociales 4
942
_c
BK
999
_c
11577
_d
11577